书目信息 |
| 题名: |
当代新闻采访
|
|
| 作者: | 刘海贵 著 | |
| 分册: | ||
| 出版信息: | 上海 复旦大学出版社 1997.07 |
|
| 页数: | 280页 | |
| 开本: | 32开 | |
| 丛书名: | ||
| 单 册: | ||
| 中图分类: | G212.1 | |
| 科图分类: | ||
| 主题词: | 新闻学 , 新闻工作 | |
| 电子资源: | ||
| ISBN: | 7-309-01861-3 | |
| 000 | 00561nam0 2200205 45 | |
| 001 | 0010071133 | |
| 005 | 20001007111232.5 | |
| 010 | @a7-309-01861-3@d15.00元 | |
| 100 | @a20001007d1997 km y0chiy0120 ea | |
| 101 | 0 | @achi |
| 105 | @a z 000yy | |
| 200 | 1 | @a当代新闻采访@ADang Dai Xin Wen Cai Fang@f刘海贵 著@FLiu Hai Gui Zhu |
| 210 | @a上海@c复旦大学出版社@d1997.07 | |
| 215 | @a280页@d32开 | |
| 606 | 0 | @a新闻学 |
| 606 | 0 | @a新闻工作 |
| 690 | @aG212.1@v3 | |
| 701 | 0 | @a刘海贵@4著 |
| 801 | @aCN@bPftUser@c20001007 | |
| 905 | @b170477-481@dG212.1@eL268@f5 | |
| 当代新闻采访/刘海贵 著.-上海:复旦大学出版社,1997.07 |
| 280页;32开 |
| ISBN 7-309-01861-3:15.00元 |
| ● |
| 相关链接 |
|
|
|
正题名:当代新闻采访
索取号:G212.1/L268
 
预约/预借
| 序号 | 登录号 | 条形码 | 馆藏地/架位号 | 状态 | 备注 |
| 1 | 170477 | 201704771 | 社科库409/422社科库 32排1列3层/ [索取号:G212.1/L268] | 在馆 | |
| 2 | 170478 | 201704780 | 社科库409/409社科库 57排5列1层/ [索取号:G212.1/L268] | 在馆 | |
| 3 | 170479 | 201704799 | 社科库409/409社科库 57排5列1层/ [索取号:G212.1/L268] | 在馆 | |
| 4 | 170480 | 201704806 | 社科库409/400B社科库 2排4列4层/ [索取号:G212.1/L268] | 在馆 | |
| 5 | 170481 | 201704815 | 社科库409/422社科库 32排1列3层/ [索取号:G212.1/L268] | 在馆 |